|
|
|
|
| LEADER |
01093nab a2200313 i 4500 |
| 001 |
publ26671 |
| 005 |
20230306113414.0 |
| 008 |
230306s2022 hu o 0|| Magyar d |
| 022 |
|
|
|a 0030-6002
|
| 024 |
7 |
|
|a 10.1556/650.2022.32536
|2 doi
|
| 024 |
7 |
|
|a 33029409
|2 mtmt
|
| 040 |
|
|
|a SZTE Publicatio Repozitórium
|b hun
|
| 041 |
|
|
|a Magyar
|
| 100 |
1 |
|
|a Pesti Adrián István
|
| 245 |
1 |
0 |
|a SARS-CoV-2-fehérjék kimutatása immunhisztokémiai módszerrel emberi szövetekben
|h [elektronikus dokumentum] :
|b Patológiai körvizsgálat /
|c Pesti Adrián István
|
| 260 |
|
|
|c 2022
|
| 300 |
|
|
|a 975-983
|
| 490 |
0 |
|
|a ORVOSI HETILAP
|v 163 No. 25
|
| 650 |
|
4 |
|a Általános orvostudomány
|
| 700 |
0 |
1 |
|a Gyömörei Csaba
|e aut
|
| 700 |
0 |
1 |
|a Juhász Péter
|e aut
|
| 700 |
0 |
1 |
|a Kálmán Endre
|e aut
|
| 700 |
0 |
1 |
|a Kiss András
|e aut
|
| 700 |
0 |
1 |
|a Kuthi Levente
|e aut
|
| 700 |
0 |
1 |
|a Lotz Gábor
|e aut
|
| 700 |
0 |
1 |
|a Méhes Gábor
|e aut
|
| 700 |
0 |
1 |
|a Schaff Zsuzsa
|e aut
|
| 700 |
0 |
1 |
|a Tiszlavicz László
|e aut
|
| 856 |
4 |
0 |
|u http://publicatio.bibl.u-szeged.hu/26671/1/1788-6120-article-p975.pdf
|z Dokumentum-elérés
|